[Event "Hermosillo Salazar Memorial"]
[Site "Hermosillo"]
[Date "2012.11.10"]
[Round "9"]
[White "Cadena Maytorena, Eliseo"]
[Black "Medina Fontes, Sergio Luis"]
[Result "0-1"]
[WhiteElo "1700"]
[BlackElo "2121"]
[PlyCount "60"]
[EventDate "2012.11.06"]
[EventType "tourn"]
[EventRounds "9"]
[EventCountry "MEX"]
[SourceTitle "EXT 2022"]
[Source "ChessBase"]
[SourceDate "2021.10.06"]
[SourceVersion "1"]
[SourceVersionDate "2021.10.06"]
[SourceQuality "1"]

1. e4 c5 2. Nc3 Nc6 3. Nf3 g6 4. d4 cxd4 5. Nxd4 Bg7 6. Be3 Nf6 7. Bc4 0-0 8. Bb3 d6 9. f3 Bd7 10. Qd2 Rc8 11. 0-0-0 Ne5 12. Nde2 b5 13. Bh6 Nc4 14. Bxc4 Rxc4 15. h4 b4 16. Nd5 Nxd5 17. Bxg7 Kxg7 18. exd5 Bf5 19. Nd4 e5 20. dxe6 Qa5 21. Kb1 Rfc8 22. g4 Bxc2+ 23. Nxc2 Rxc2 24. Qxd6 b3 25. Qd4+ f6 26. axb3 Qe5 27. Rhe1 Rc1+ 28. Ka2 Qxd4 29. Rxd4 Rxe1 30. Rd7+ Kg8 0-1

[Event "Hermosillo Salazar Memorial"]
[Site "Hermosillo"]
[Date "2012.11.07"]
[Round "2"]
[White "Montano Rondan, Elizabeth"]
[Black "Medina Fontes, Sergio Luis"]
[Result "0-1"]
[WhiteElo "1829"]
[BlackElo "2121"]
[PlyCount "99"]
[EventDate "2012.11.06"]
[EventType "tourn"]
[EventRounds "9"]
[EventCountry "MEX"]
[SourceTitle "EXT 2022"]
[Source "ChessBase"]
[SourceDate "2021.10.06"]
[SourceVersion "1"]
[SourceVersionDate "2021.10.06"]
[SourceQuality "1"]

1. e4 c5 2. Nf3 Nc6 3. d4 cxd4 4. Nxd4 Nf6 5. Nc3 e5 6. Ndb5 d6 7. Bg5 a6 8. Na3 b5 9. Nd5 Be7 10. Nxe7 Nxe7 11. Bxf6 gxf6 12. c3 d5 13. f3 Bb7 14. Bd3 Qb6 15. Qe2 Rc8 16. Nc2 0-0 17. g4 d4 18. cxd4 exd4 19. h4 Ng6 20. 0-0-0 Rfd8 21. Qd2 Qd6 22. Kb1 Qf4 23. Qf2 Ne5 24. g5 Nxd3 25. Rxd3 Bxe4 26. Rd2 Qxf3 27. Qxf3 Bxf3 28. Re1 fxg5 29. hxg5 Bh5 30. Nxd4 Bg6+ 31. Ka1 Rc4 32. Nf5 Ra8 33. Nh6+ Kf8 34. Rd7 Rac8 35. b3 Rc1+ 36. Rxc1 Rxc1+ 37. Kb2 Rg1 38. Rd5 b4 39. a3 bxa3+ 40. Kxa3 Rg3 41. Ra5 Rg1 42. Kb2 Rg3 43. Rxa6 Rxg5 44. Ra4 Kg7 45. Nxf7 Bxf7 46. Ra7 Rb5 47. Ra3 h5 48. Kc3 Rxb3+ 49. Rxb3 Bxb3 50. Kxb3 0-1

[Event "MEX-ch Nat & Int 48th"]
[Site "Hermosillo"]
[Date "2002.03.30"]
[Round "7"]
[White "Medina Fontes, Sergio Luis"]
[Black "Ancheyta Tejas, Victor"]
[Result "0-1"]
[WhiteElo "2088"]
[BlackElo "2280"]
[PlyCount "126"]
[EventDate "2002.03.26"]
[EventType "swiss"]
[EventRounds "9"]
[EventCountry "MEX"]
[SourceTitle "EXT 2003"]
[Source "ChessBase"]
[SourceDate "2002.11.25"]
[SourceVersion "1"]
[SourceVersionDate "2002.11.25"]
[SourceQuality "1"]

1. e4 e6 2. d4 d5 3. Nc3 Bb4 4. e5 c5 5. a3 Bxc3+ 6. bxc3 Nc6 7. Qg4 g6 8. Nf3 Qa5 9. Bd2 Qa4 10. Be2 Bd7 11. 0-0 0-0-0 12. Qf4 h6 13. dxc5 Qxc2 14. Nd4 Nxd4 15. cxd4 Qe4 16. Qe3 Ne7 17. f3 Qxe3+ 18. Bxe3 Ba4 19. Rab1 Nc6 20. Rfc1 Kc7 21. g3 Rb8 22. Kf1 Kd7 23. Bd3 h5 24. h4 b5 25. cxb6 Rxb6 26. Rxb6 axb6 27. Rb1 Rb8 28. Ke2 b5 29. f4 Kc7 30. Bf2 Kb6 31. Ke3 Ka6 32. Be1 Rc8 33. Rc1 Bb3 34. Bb4 Bc4 35. Bc5 Bxd3 36. Kxd3 Na5 37. Rb1 Nb7 38. Bb4 Rc4 39. Bc3 Nd8 40. Rb4 Nc6 41. Rb1 Ra4 42. Ra1 b4 43. axb4 Nxb4+ 44. Kd2 Rxa1 45. Bxa1 Kb5 46. Kc3 Ka4 47. Bb2 Na2+ 48. Kc2 Kb4 49. Kd3 Kb3 50. Ba1 Nb4+ 51. Kd2 Kc4 52. Bb2 Nd3 53. Ba1 Nf2 54. Ke2 Ne4 55. Kf3 Kd3 56. g4 Nd2+ 57. Kg3 Nb3 58. gxh5 gxh5 59. f5 Nxa1 60. fxe6 fxe6 61. Kf4 Kxd4 62. Kg5 Kxe5 63. Kxh5 d4 0-1

[Event "MEX-ch Nat & Int 48th"]
[Site "Hermosillo"]
[Date "2002.03.28"]
[Round "4"]
[White "Rueda Hernandez, Carlos Jonath"]
[Black "Medina Fontes, Sergio Luis"]
[Result "0-1"]
[WhiteElo "2138"]
[BlackElo "2088"]
[PlyCount "26"]
[EventDate "2002.03.26"]
[EventType "swiss"]
[EventRounds "9"]
[EventCountry "MEX"]
[SourceTitle "CBM 087 Extra"]
[Source "ChessBase"]
[SourceDate "2002.05.03"]
[SourceVersion "2"]
[SourceVersionDate "2002.08.09"]
[SourceQuality "1"]

1. d4 d5 2. c4 e6 3. Nc3 c5 4. cxd5 exd5 5. Nf3 Nc6 6. Bg5 Be7 7. Bxe7 Ngxe7 8. e3 c4 9. e4 dxe4 10. Nxe4 Bg4 11. Bxc4 0-0 12. Qd3 Bxf3 13. Ng5 Qa5+ 0-1